| 000 | 01494nam0a2200337 i 4500 | ||
|---|---|---|---|
| 001 | RU\NLR\BIBL_A\010529925 | ||
| 005 | 20241104151247.0 | ||
| 010 |
_a9785878727662 _9300 |
||
| 021 |
_aRU _b2014-66173 _94041 |
||
| 035 | _a(NILC)RuMoRGB-007545477 | ||
| 035 | _a(NLR Aleph) 010529925 | ||
| 090 |
_a10252501 _c10252501 |
||
| 100 | _a20141113d2014 u y0rusy50 ca | ||
| 101 | 0 | _arus | |
| 102 | _aRU | ||
| 105 | _ay|||z|||000yy | ||
| 200 | 1 |
_aВоенная организация и военное управление области Войска Донского во второй половине XIX века _fА. Ю. Перетятько _gМ-во образования Российской Федерации, Южный федеральный ун-т |
|
| 210 |
_aРостов-на-Дону _cИзд-во СКНЦ ВШ ЮФУ _d2014 |
||
| 215 |
_a235 с. _cтабл. _d21 |
||
| 320 | _aБиблиогр. в подстроч. примеч. | ||
| 601 | 0 | 2 |
_aДонское казачье войско _xРеформирование _z2-я пол. 19 в. _92205389 _3RU\NLR\AUTH\6601559530 |
| 606 | 1 |
_aДонское казачество _xИстория _z19 в. _92317602 _3RU\NLR\AUTH\661386676 |
|
| 686 | 1 | _aЦ59,8(2)2-21 | |
| 686 | 1 | _aТ3(2)5-294 | |
| 700 | 1 |
_aПеретятько _bА. Ю. _gАртем Юрьевич |
|
| 801 | 0 |
_aRU _bРГБ _c20140902 _gRCR |
|
| 801 | 1 |
_aRU _bРГБ _c20140902 _2rusmarc |
|
| 942 | _cBOOK | ||
| 980 | _aNBR | ||